| 000 | 00000nam##2200000za#4500 |
| 001 | 9.670825 |
| 003 | CaOODSP |
| 005 | 20210615125746 |
| 007 | ta |
| 008 | 150407|2008||||xxc||||| f|0| 0 eng|d |
| 020 | |a978-0-662-06428-2 |
| 040 | |aCaOODSP|beng |
| 041 | |aeng |
| 041 | |afre |
| 043 | |an-cn--- |
| 086 | 1 |aMR21-136/2009 |
| 110 | 2 |aCanadian Institutes of Health Research. |
| 245 | 10|aKnowledge to action - a knowledge translation casebook |
| 260 | |aOttawa - Ontario : |bCanadian Institutes of Health Research |cc2008. |
| 300 | |aEnglish text, iv, 42p. ; |c28 cm. |
| 563 | |aSoftcover |
| 590 | |a09-23|b2009-06-05 |
| 690 | 07|aSafety education|2gcpds |
| 776 | 0#|tDes connaissances à la pratique - recueil de cas d'application des connaissances |w(CaOODSP)9.635993 |
| 776 | 0#|tKnowledge to action - a knowledge translation casebook |w(CaOODSP)9.691680 |
| 792 | |tDes connaissances à la pratique - recueil de cas d'application des connaissances |efre|w(CaOODSP)9.670826 |